Biggest cities in the Region of Southern Denmark - Statistics

General Stats
  • This quiz has been taken 11 times
  • The average score is 10 of 15
Answers on the Map
Answers color-coded by a green-red scale on the quiz's map according to % correct below.
 
Answer Stats
Population Cities % Correct
180,863 Odense
100%
71,698 Esbjerg
86%
61,638 Kolding
86%
16,277 Middelfart
86%
17,525 Nyborg
71%
8,257 Ribe
71%
27,766 Sønderborg
71%
60,231 Vejle
71%
16,401 Aabenraa
57%
40,886 Fredericia
57%
9,750 Grindsted
57%
22,011 Haderslev
57%
27,300 Svendborg
57%
14,039 Varde
57%
10,009 Vejen
57%
No matching quizzes found
Score Distribution
Percent of People with Each Score
Percentile by Number Answered
Your Score History
You have not taken this quiz